25/26シーズンヨーロッパ五大リーグのチーム - Statistics

General Stats
  • This quiz has been taken 134 times
  • The average score is 48 of 96
Answer Stats
Hint Answer % Correct
プレミア マンチェスター・ユナイテッド
97%
プレミア マンチェスター・シティ
96%
プレミア リヴァプール
94%
プレミア トッテナム・ホットスパー
94%
プレミア アーセナル
92%
プレミア チェルシー
92%
ラ・リーガ バルセロナ
89%
ラ・リーガ レアル・マドリード
89%
プレミア ブライトン・アンド・ホーヴ・アルビオン
86%
セリエA インテル・ミラノ
86%
プレミア リーズ・ユナイテッド
85%
セリエA ACミラン
85%
プレミア ニューカッスル・ユナイテッド
83%
ラ・リーガ アトレティコ・マドリード
82%
ラ・リーガ レアル・ソシエダ
82%
リーグ1 パリ・サンジェルマン
82%
ブンデスリーガ バイエルン・ミュンヘン
80%
プレミア クリスタル・パレス
79%
ブンデスリーガ ボルシア・ドルトムント
79%
プレミア アストン・ヴィラ
77%
セリエA ナポリ
76%
セリエA ユヴェントス
76%
セリエA ASローマ
76%
プレミア ボーンマス
72%
プレミア ウェストハム・ユナイテッド
72%
リーグ1 パリFC
70%
ブンデスリーガ レヴァークーゼン
68%
ブンデスリーガ アイントラハト・フランクフルト
66%
プレミア エヴァートン
63%
プレミア サンダーランド
63%
プレミア ノッティンガム・フォレスト
62%
リーグ1 オリンピック・マルセイユ
62%
ラ・リーガ アスレティック・ビルバオ
61%
ラ・リーガ バレンシア
61%
ブンデスリーガ ボルシア・メンヒェングラートバッハ
61%
リーグ1 ASモナコ
61%
セリエA パルマ
59%
プレミア フラム
56%
プレミア ウォルバーハンプトン・ワンダラーズ
56%
ラ・リーガ マジョルカ
56%
リーグ1 オリンピック・リヨン
55%
プレミア バーンリー
54%
ラ・リーガ ビジャレアル
54%
ブンデスリーガ フライブルク
54%
プレミア ブレントフォード
51%
セリエA ボローニャ
51%
セリエA トリノ
51%
ラ・リーガ セビージャ
49%
ブンデスリーガ マインツ
48%
セリエA コモ
46%
ブンデスリーガ ブレーメン
46%
セリエA アタランタ
45%
セリエA フィオレンティーナ
45%
セリエA ラツィオ
45%
リーグ1 RCランス
45%
ラ・リーガ ベティス
44%
ブンデスリーガ ライプツィヒ
41%
ブンデスリーガ シュトゥットガルト
41%
ブンデスリーガ ウニオン・ベルリン
41%
リーグ1 リール
39%
ラ・リーガ エスパニョール
34%
ブンデスリーガ ヴォルフスブルク
34%
ラ・リーガ ジローナ
32%
ブンデスリーガ ホッフェンハイム
32%
ラ・リーガ セルタ・デ・ビーゴ
31%
ラ・リーガ オサスナ
31%
ブンデスリーガ ザンクトパウリ
31%
ブンデスリーガ ケルン
31%
ラ・リーガ ヘタフェ
30%
セリエA カリアリ
30%
ブンデスリーガ ハンブルガーSV
30%
ラ・リーガ ラージョ・バジェカーノ
28%
リーグ1 ストラスブール
28%
セリエA ジェノア
27%
セリエA サッスオーロ
27%
セリエA ウディネーゼ
25%
リーグ1 ニース
25%
ラ・リーガ レバンテ
24%
ブンデスリーガ アウクスブルク
24%
ラ・リーガ アラベス
23%
セリエA レッチェ
23%
セリエA ピサ
20%
リーグ1 メス
20%
リーグ1 スタッド・レンヌ
17%
ラ・リーガ オビエド
15%
ラ・リーガ エルチェ
14%
リーグ1 スタッド・ブレスト29
14%
リーグ1 オセール
13%
リーグ1 ナント
13%
セリエA ヴェローナ
11%
リーグ1 トゥールーズ
11%
リーグ1 ル・アーヴル
11%
リーグ1 ロリアン
11%
セリエA クレモネーゼ
10%
ブンデスリーガ ハイデンハイム
8%
リーグ1 アンジェ
6%
No matching quizzes found
Score Distribution
Percent of People with Each Score
Percentile by Number Answered
Your Score History
You have not taken this quiz